| 000 | 02069nam0a2200349 i 4500 | ||
|---|---|---|---|
| 001 | RU\NLR\bibl\1964397 | ||
| 005 | 20260407151654.0 | ||
| 010 |
_a9785999912992 _9300 |
||
| 021 |
_aRU _b2012-79332 _95885 |
||
| 035 | _a(nilc)RSL-KNO-005513439 | ||
| 035 | _a(NLR Aleph) 001953358 | ||
| 090 |
_a3725737 _c3725736 |
||
| 100 | _a20121024d2012 k y0rusy50 ca | ||
| 101 | 0 | _arus | |
| 102 | _aRU | ||
| 105 | _ay ||||||||| | ||
| 200 | 1 |
_aПравовое обеспечение устойчивого экономического развития Российской Федерации _eсборник научных трудов [по итогам Межвузовского круглого стола, 29 февраля 2012 г. _f[редкол.: к.э.н., доц. А.В. Трофименко (отв. ред.) и др.] |
|
| 210 |
_aСаратов _cНаука _d2012 |
||
| 215 |
_a78, [2] с. _d21 |
||
| 300 | _aВ надзаг.: М-во образования и науки Рос. Федерации, ФГБОУ ВПО "Сарат. гос. социал.-экон. ун-т", О-во с огранич. ответственность "Инновац. бизнес-технологии" | ||
| 320 | _aБиблиогр. в конце ст. | ||
| 606 | 1 |
_aЭкономическое развитие _jСъезды, совещания и т.п. _xПравовое регулирование _yРоссийская Федерация _92483590 _3RU\NLR\auth\661474139 |
|
| 686 |
_aХ62я43 _2rubbk |
||
| 686 | _aХ621.14я431 | ||
| 702 | 1 |
_4340 _8rus _7ca _aТрофименко _bА. В. _cд-р юрид. наук _gАндрей Валериевич _3RU\NLR\auth\77120720 _9103645 |
|
| 712 | 0 | 2 |
_4570 _aСаратовский государственный социально-экономический университет _3RU\NLR\AUTH\8810029631 _9557838 |
| 801 | 0 |
_aRU _bRuMoRKP _c20121024 _grcr |
|
| 801 | 1 |
_aRU _bРГБ _c20121024 |
|
| 801 | 2 |
_aRU _bNLR _c20121107 _grcr |
|
| 942 | _cBOOK | ||
| 980 | _aNBR | ||